| 000 | 00677nam a2200229 a 4500 | ||
|---|---|---|---|
| 001 | 54001 | ||
| 003 | BD-RjUL | ||
| 005 | 20211209080046.0 | ||
| 008 | 161031s1989 ii 000 0 eng d | ||
| 020 | _a0074519204 | ||
| 035 | _a(BD-RjUL)54123 | ||
| 040 |
_aUkOxU _beng _cUkOxU _dBD-RjUL |
||
| 041 | _aeng | ||
| 082 |
_223 _a515.7 _bSIF 1989 |
||
| 100 | 1 |
_aSiddiqi, A. H. _9161259 |
|
| 245 | 1 | 0 |
_aFunctional analysis with applications / _cA.H. Siddiqi |
| 260 |
_aNew Delhi : _bTata McGraw-Hill, _cc1986 [ Reprint 1989] |
||
| 300 |
_axv, 308 p. ; _c24 cm |
||
| 504 | _aIncludes Bibliographical References and Index | ||
| 650 | 0 |
_aFunctional analysis _9161260 |
|
| 942 |
_2ddc _cBK |
||
| 999 |
_c54001 _d54001 |
||